American history : (Record no. 12443)
[ view plain ]
| 000 -LEADER | |
|---|---|
| fixed length control field | 00554nam a2200157Ia 4500 |
| 020 ## - INTERNATIONAL STANDARD BOOK NUMBER | |
| ISBN | 0028223659 (Student ed.) |
| 040 ## - CATALOGING SOURCE | |
| Transcribing agency | SEN |
| 082 ## - DEWEY DECIMAL CLASSIFICATION NUMBER | |
| Classification number | 973 GLE 1997 A100 Or. |
| 100 1# - MAIN ENTRY--AUTHOR NAME | |
| Personal name | Ritchie, Donald A., |
| 245 10 - TITLE STATEMENT | |
| Title | American history : |
| Remainder of title | the modern era since 1865 / |
| 260 ## - PUBLICATION, DISTRIBUTION, ETC. (IMPRINT) | |
| Place of publication | New York, N.Y. : |
| Name of publisher | Glencoe/McGraw-Hill, |
| Year of publication | c1997. |
| 300 ## - PHYSICAL DESCRIPTION | |
| Number of Pages | xxxviii, 906 p. : |
| Other physical details | col. ill., col. maps ; |
| Dimensions | 26 cm. |
| 500 ## - GENERAL NOTE | |
| General note | Includes index. |
| 520 ## - SUMMARY, ETC. | |
| Summary, etc | Presents the social, cultural, economic, political and military aspects of American history since 1865. |
| 942 ## - ADDED ENTRY ELEMENTS (KOHA) | |
| Koha item type | សៀវភៅភាសាអង់គ្លេស |
| 952 ## - LOCATION AND ITEM INFORMATION (KOHA) | |
| Withdrawn status [LOCAL, KOHA] | 0 |
| Permanent Location | Date acquired | Koha item type | Lost status | Shelving location | Barcode | Current Location | Full call number |
|---|---|---|---|---|---|---|---|
| Library Block A | 2017-08-14 | សៀវភៅភាសាអង់គ្លេស | A100 | A16017 | Library Block A | 973 GLE 1997 A100 Or. |